000 00609nam a2200229Ia 4500
003 OSt
005 20220923230541.0
006 a|||||r|||| 00| 0
007 ta
008 220922b |||||||| |||| 00| 0 pan d
024 _a283,099
037 _cTextual
040 _aARTS
_cARTS
_bpan
041 _2pan
_apan
082 _aO153,3NNA4,ST, M8
100 _aਨਰੇF
_9169051
245 0 _aਸੂਲੀ ਟੰਗਿਆ Fਹਿਰ
260 _c1988
650 _aਪੰਜਾਬੀ ਸਾਹਿਤ
942 _hO153,3NNA4,ST, M8
_cTEXL
_2CC
999 _c385642
_d385642